Textbook on monetary policy (Record no. 23964)

MARC details
000 -LEADER
fixed length control field 00275nam a2200109Ia 4500
082 ## - DEWEY DECIMAL CLASSIFICATION NUMBER
Classification number 336.74
Item number EIN
100 ## - MAIN ENTRY--AUTHOR NAME
Personal name EINZIG, Paul
245 #0 - TITLE STATEMENT
Title Textbook on monetary policy
260 ## - PUBLICATION, DISTRIBUTION, ETC. (IMPRINT)
Place of publication Great Britain
Name of publisher Macmillan
Year of publication 1974
942 ## - ADDED ENTRY ELEMENTS (KOHA)
Koha item type Books
Holdings
Withdrawn status Lost status Damaged status Not for loan Home library Current library Date acquired Full call number Accession Number Koha item type
        RRII Library RRII Library 16/12/2021 336.74 EIN 04654 Books